| 000 | 00657nam a2200229 a 4500 | ||
|---|---|---|---|
| 001 | 19550 | ||
| 003 | CO-ViMGA | ||
| 008 | 141112s2004 ck r 000 u spa d | ||
| 020 | _a842533537X | ||
| 040 |
_aCO-ViMGA _bspa _cCO-ViMGA |
||
| 082 | 0 | 4 | _aMEVIGAPOR.6 M455c |
| 100 | 1 |
_aMilner, Annalisa _928232 |
|
| 245 | 1 | 0 | _aCorreo Electrónico |
| 260 |
_aBarcelona : _bGrijalbo, _c2001 |
||
| 300 | _a72 p. | ||
| 490 | _aBiblioteca esencial del ordenador | ||
| 590 | _aForma de adquisición : Premio Mincultura | ||
| 650 | 1 | 4 | _aCORREO ELECTRONICO |
| 650 | 1 | 4 |
_aMICROSOFT OUTLOOK _928233 |
| 650 | 1 | 4 |
_aSISTEMAS DE TRANSMISION DE DATOS _917325 |
| 942 |
_2ddc _cBK |
||
| 999 |
_c28690 _d28690 |
||